Színész az irodalomórán [rövid hír]

Elmentve itt :
Bibliográfiai részletek
Dokumentumtípus: Cikk
Megjelent: 1970-01-29
Sorozat:Délmagyarország 60 No. 24
Kulcsszavak:Nagy Attila, Magyar irodalom tanítása színészi közreműködéssel Szeged 1970, általános iskolák
Online Access:http://dmarchiv.bibl.u-szeged.hu/73601
LEADER 00504nab a2200145 i 4500
001 delm73601
005 20180928082559.0
008 180928s1970 hu o 0|| hun d
040 |a SZTE Délmagyarország Archívum  |b hun 
041 |a hun 
245 0 0 |a Színész az irodalomórán   |h [elektronikus dokumentum] :  |b [rövid hír] 
260 |c 1970-01-29 
300 |a 7 
490 0 |a Délmagyarország  |v 60 No. 24 
695 |a Nagy Attila, Magyar irodalom tanítása színészi közreműködéssel Szeged 1970, általános iskolák